[Event "DEM U10w 2025"]
[Site "Willingen GER"]
[Date "2025.06.08"]
[Round "2"]
[White "Jodalli, Aarna"]
[Black "Dobrynina, Alona"]
[Result "1-0"]
[Termination "normal"]
[Board "18"]
[WhiteElo "898"]
[BlackElo "1031"]
[WhiteClock "01:06:27"]
[BlackClock "01:10:56"]
[PlyCount "55"]
[WhiteFideId "533043566"]
[BlackFideId "533043540"]
[EventCountry "GER"]
[EventRounds "9"]
[EventType "swiss"]
[EventDate "2025.06.07"]

1. e4 {[%clk 01:30:56]} {[%emt 00:00:03]} e5 {[%clk 01:30:50]} {[%emt
00:00:10]} 2. Nf3 {[%clk 01:31:15]} {[%emt 00:00:11]} Nc6 {[%clk 01:31:12]}
{[%emt 00:00:09]} 3. Bc4 {[%clk 01:31:32]} {[%emt 00:00:13]} Bc5 {[%clk
01:31:29]} {[%emt 00:00:11]} 4. O-O {[%clk 01:31:28]} {[%emt 00:00:35]} Nf6
{[%clk 01:31:45]} {[%emt 00:00:12]} 5. d3 {[%clk 01:31:16]} {[%emt 00:00:44]}
d5 {[%clk 01:31:02]} {[%emt 00:01:15]} 6. exd5 {[%clk 01:30:56]} {[%emt
00:00:49]} Nxd5 {[%clk 01:31:05]} {[%emt 00:00:25]} 7. Nc3 {[%clk 01:30:30]}
{[%emt 00:00:57]} Nxc3 {[%clk 01:31:07]} {[%emt 00:00:29]} 8. bxc3 {[%clk
01:30:46]} {[%emt 00:00:13]} O-O {[%clk 01:30:51]} {[%emt 00:00:46]} 9. Rb1
{[%clk 01:29:33]} {[%emt 00:01:38]} a5 {[%clk 01:29:48]} {[%emt 00:01:39]} 10.
Re1 {[%clk 01:28:22]} {[%emt 00:01:34]} Re8 {[%clk 01:29:30]} {[%emt 00:00:53]}
11. Ng5 {[%clk 01:24:14]} {[%emt 00:04:37]} Be6 {[%clk 01:28:59]} {[%emt
00:01:02]} 12. Bxe6 {[%clk 01:21:56]} {[%emt 00:02:51]} fxe6 {[%clk 01:29:11]}
{[%emt 00:00:17]} 13. Rxb7 {[%clk 01:20:48]} Qf6 {[%clk 01:27:03]} {[%emt
00:04:16]} 14. Nf3 {[%clk 01:19:04]} {[%emt 00:02:15]} Red8 {[%clk 01:26:40]}
{[%emt 00:00:53]} 15. Bg5 {[%clk 01:18:09]} {[%emt 00:01:24]} Qf5 {[%clk
01:25:54]} {[%emt 00:01:11]} 16. Bxd8 {[%clk 01:17:51]} {[%emt 00:00:54]} Rxd8
{[%clk 01:25:54]} {[%emt 00:00:29]} 17. Qe2 {[%clk 01:16:05]} {[%emt 00:02:09]}
Bd6 {[%clk 01:19:01]} {[%emt 00:07:31]} 18. d4 {[%clk 01:15:01]} {[%emt
00:01:34]} exd4 {[%clk 01:18:11]} {[%emt 00:01:19]} 19. cxd4 {[%clk 01:15:08]}
{[%emt 00:00:22]} Qh5 {[%clk 01:18:23]} {[%emt 00:00:18]} 20. Qxe6+ {[%clk
01:14:03]} Kh8 {[%clk 01:17:42]} {[%emt 00:02:46]} 21. h3 {[%clk 01:11:53]}
{[%emt 00:02:38]} h6 {[%clk 01:15:26]} {[%emt 00:02:48]} 22. d5 {[%clk
01:09:52]} {[%emt 00:02:32]} Nb4 {[%clk 01:13:35]} {[%emt 00:02:19]} 23. Ne5
{[%clk 01:06:16]} {[%emt 00:04:07]} Rf8 {[%clk 01:11:14]} {[%emt 00:02:51]} 24.
Ng6+ {[%clk 01:06:04]} {[%emt 00:00:43]} Kh7 {[%clk 01:11:17]} {[%emt
00:00:26]} 25. Nxf8+ {[%clk 01:06:16]} {[%emt 00:00:19]} Kh8 {[%clk 01:11:29]}
{[%emt 00:00:14]} 26. Ng6+ {[%clk 01:06:01]} {[%emt 00:00:48]} Kh7 {[%clk
01:11:39]} {[%emt 00:00:20]} 27. Rb8 {[%emt 00:01:28]} Qxd5 {[%clk 01:10:56]}
28. Rh8# {[%clk 01:06:27]} {[%emt 00:00:18]} 1-0

[Event "DEM U10w 2025"]
[Site "Willingen GER"]
[Date "2025.06.08"]
[Round "2"]
[White "Seyedfakhari, Elena"]
[Black "Missova, Dimana"]
[Result "0-1"]
[Termination "normal"]
[Board "19"]
[WhiteElo "1477"]
[BlackElo "945"]
[WhiteClock "01:21:54"]
[BlackClock "01:06:04"]
[PlyCount "122"]
[WhiteFideId "34639888"]
[BlackFideId "533043582"]
[EventCountry "GER"]
[EventRounds "9"]
[EventType "swiss"]
[EventDate "2025.06.07"]

1. e4 {[%clk 01:30:57]} {[%emt 00:00:02]} e5 {[%clk 01:30:58]} {[%emt
00:00:02]} 2. Nf3 {[%clk 01:31:17]} {[%emt 00:00:10]} Nc6 {[%clk 01:31:23]}
{[%emt 00:00:06]} 3. Nc3 {[%clk 01:31:31]} {[%emt 00:00:14]} Nf6 {[%clk
01:31:45]} {[%emt 00:00:09]} 4. Bb5 {[%clk 01:31:49]} {[%emt 00:00:10]} d6
{[%clk 01:32:01]} {[%emt 00:00:15]} 5. d4 {[%clk 01:32:05]} {[%emt 00:00:14]}
a6 {[%clk 01:32:15]} {[%emt 00:00:17]} 6. Ba4 {[%clk 01:32:25]} {[%emt
00:00:10]} Bd7 {[%clk 01:32:29]} {[%emt 00:00:16]} 7. dxe5 {[%clk 01:31:54]}
{[%emt 00:01:01]} dxe5 {[%clk 01:32:47]} {[%emt 00:00:11]} 8. O-O {[%clk
01:32:04]} {[%emt 00:00:19]} Bb4 {[%clk 01:32:40]} {[%emt 00:00:39]} 9. Bxc6
{[%clk 01:32:15]} {[%emt 00:00:17]} Bxc3 {[%clk 01:32:23]} {[%emt 00:00:48]}
10. Bxd7+ {[%clk 01:32:22]} {[%emt 00:00:23]} Nxd7 {[%clk 01:32:36]} {[%emt
00:00:18]} 11. bxc3 {[%clk 01:32:41]} {[%emt 00:00:10]} O-O {[%clk 01:32:48]}
{[%emt 00:00:18]} 12. Bg5 {[%clk 01:32:50]} {[%emt 00:00:19]} Qc8 {[%clk
01:32:33]} {[%emt 00:00:46]} 13. Qe2 {[%clk 01:32:21]} {[%emt 00:00:58]} h6
{[%clk 01:32:45]} {[%emt 00:00:19]} 14. Bh4 {[%clk 01:32:18]} {[%emt 00:00:31]}
Re8 {[%clk 01:32:58]} {[%emt 00:00:19]} 15. Rad1 {[%clk 01:32:16]} {[%emt
00:00:31]} Nc5 {[%clk 01:31:57]} {[%emt 00:01:32]} 16. Rd5 {[%clk 01:31:56]}
{[%emt 00:00:45]} Na4 {[%clk 01:31:10]} {[%emt 00:01:23]} 17. Rxe5 {[%clk
01:31:40]} {[%emt 00:00:45]} Rxe5 {[%clk 01:31:09]} {[%emt 00:00:32]} 18. Nxe5
{[%clk 01:31:44]} {[%emt 00:00:25]} Nxc3 {[%clk 01:31:22]} {[%emt 00:00:18]}
19. Qc4 {[%clk 01:31:18]} {[%emt 00:00:43]} Nb5 {[%clk 01:27:45]} {[%emt
00:04:20]} 20. Qxf7+ {[%clk 01:30:58]} {[%emt 00:00:49]} Kh8 {[%clk 01:28:02]}
{[%emt 00:00:14]} 21. Bf6 {[%clk 01:28:46]} {[%emt 00:02:43]} Qg8 {[%clk
01:27:30]} {[%emt 00:00:59]} 22. Qh5 {[%clk 01:28:11]} {[%emt 00:00:55]} Qh7
{[%clk 01:16:51]} {[%emt 00:11:21]} 23. Bh4 {[%clk 01:25:59]} {[%emt 00:02:40]}
Nd6 {[%clk 01:12:07]} {[%emt 00:05:18]} 24. Qg6 {[%clk 01:25:15]} {[%emt
00:01:05]} Qxg6 {[%clk 01:12:08]} {[%emt 00:00:37]} 25. Nxg6+ {[%clk 01:25:28]}
{[%emt 00:00:18]} Kh7 {[%emt 00:00:55]} 26. Nf4 {[%clk 01:25:20]} {[%emt
00:00:02]} g5 {[%clk 01:12:32]} {[%emt 00:00:17]} 27. e5 {[%clk 01:25:35]}
{[%emt 00:00:15]} Nf5 {[%clk 01:12:27]} {[%emt 00:00:34]} 28. Nd5 {[%clk
01:25:56]} {[%emt 00:00:09]} gxh4 {[%clk 01:12:29]} {[%emt 00:00:28]} 29. Re1
{[%clk 01:26:10]} {[%emt 00:00:13]} c6 {[%clk 01:12:15]} {[%emt 00:00:42]} 30.
Nf4 {[%clk 01:26:01]} {[%emt 00:00:39]} Re8 {[%clk 01:12:12]} {[%emt 00:00:38]}
31. e6 {[%clk 01:26:09]} {[%emt 00:00:23]} Kg7 {[%clk 01:11:59]} {[%emt
00:00:43]} 32. Nh5+ {[%clk 01:25:37]} {[%emt 00:00:59]} Kf8 {[%clk 01:12:01]}
{[%emt 00:00:30]} 33. f4 {[%clk 01:25:37]} {[%emt 00:00:27]} Ke7 {[%clk
01:11:48]} {[%emt 00:00:47]} 34. g4 {[%clk 01:25:34]} {[%emt 00:00:33]} hxg3
{[%clk 01:11:58]} {[%emt 00:00:20]} 35. hxg3 {[%clk 01:25:57]} {[%emt
00:00:06]} Rg8 {[%clk 01:10:48]} {[%emt 00:01:37]} 36. Kg2 {[%clk 01:25:52]}
{[%emt 00:00:36]} Nd4 {[%clk 01:10:55]} {[%emt 00:00:25]} 37. c4 {[%clk
01:25:39]} {[%emt 00:00:42]} Rf8 {[%clk 01:10:37]} {[%emt 00:00:38]} 38. g4
{[%clk 01:25:35]} {[%emt 00:00:44]} Rg8 {[%clk 01:07:37]} {[%emt 00:03:31]} 39.
Kg3 {[%clk 01:25:15]} {[%emt 00:00:49]} Nf5+ {[%clk 01:07:43]} {[%emt
00:00:25]} 40. Kh3 {[%clk 01:24:43]} {[%emt 00:00:57]} Nd4 {[%clk 01:07:55]}
{[%emt 00:00:23]} 41. f5 {[%clk 01:24:56]} {[%emt 00:00:17]} Nf3 {[%clk
01:07:48]} {[%emt 00:00:35]} 42. Re3 {[%clk 01:24:37]} {[%emt 00:00:50]} Nd4
{[%clk 01:07:26]} {[%emt 00:00:54]} 43. f6+ {[%clk 01:24:53]} {[%emt 00:00:14]}
Kd8 {[%clk 01:06:22]} {[%emt 00:01:35]} 44. e7+ {[%clk 01:24:44]} {[%emt
00:00:37]} Ke8 {[%clk 01:06:34]} {[%emt 00:00:18]} 45. Ng7+ {[%clk 01:24:38]}
{[%emt 00:00:36]} Kf7 {[%clk 01:06:37]} {[%emt 00:00:28]} 46. e8=Q+ {[%clk
01:24:18]} {[%emt 00:00:49]} Rxe8 {[%clk 01:06:40]} {[%emt 00:00:27]} 47. Nxe8
{[%clk 01:24:38]} {[%emt 00:00:10]} Ne6 {[%clk 01:06:11]} {[%emt 00:01:00]} 48.
Kh4 {[%clk 01:24:01]} {[%emt 00:01:06]} b5 {[%clk 01:05:49]} {[%emt 00:00:52]}
49. cxb5 {[%clk 01:24:01]} {[%emt 00:00:30]} axb5 {[%clk 01:06:05]} {[%emt
00:00:14]} 50. Kh5 {[%clk 01:23:52]} {[%emt 00:00:36]} b4 {[%clk 01:05:02]}
{[%emt 00:01:37]} 51. Kxh6 {[%clk 01:23:56]} {[%emt 00:00:25]} c5 {[%clk
01:05:10]} {[%emt 00:00:22]} 52. Kh7 {[%clk 01:23:49]} {[%emt 00:00:30]} c4
{[%clk 01:04:38]} {[%emt 00:01:10]} 53. Re4 {[%clk 01:23:37]} {[%emt 00:00:37]}
Ng5 {[%clk 01:04:56]} {[%emt 00:00:17]} 54. Kh6 {[%clk 01:23:13]} {[%emt
00:00:49]} Nxe4 {[%clk 01:05:23]} {[%emt 00:00:08]} 55. Ng7 {[%clk 01:22:45]}
{[%emt 00:00:57]} Nxf6 {[%clk 01:05:33]} {[%emt 00:00:20]} 56. g5 {[%clk
01:22:55]} {[%emt 00:00:19]} c3 {[%clk 01:05:55]} {[%emt 00:00:10]} 57. g6+
{[%clk 01:23:05]} {[%emt 00:00:19]} Kg8 {[%clk 01:06:08]} {[%emt 00:00:17]} 58.
Nf5 {[%clk 01:22:58]} {[%emt 00:00:36]} c2 {[%clk 01:06:28]} {[%emt 00:00:11]}
59. Ne7+ {[%clk 01:23:15]} {[%emt 00:00:13]} Kf8 {[%clk 01:06:26]} {[%emt
00:00:32]} 60. Nf5 {[%clk 01:22:44]} {[%emt 00:01:01]} c1=Q+ {[%clk 01:06:04]}
{[%emt 00:00:09]} 61. Ne3 {[%clk 01:21:54]} Qxe3# {[%clk 01:06:04]} 0-1

[Event "DEM U10w 2025"]
[Site "Willingen GER"]
[Date "2025.06.08"]
[Round "2"]
[White "Braginets, Alisa"]
[Black "Kruijssen, Hilde"]
[Result "0-1"]
[Termination "normal"]
[Board "20"]
[WhiteElo "871"]
[BlackElo "1457"]
[WhiteClock "00:54:42"]
[BlackClock "00:55:32"]
[PlyCount "62"]
[WhiteFideId "533041431"]
[BlackFideId "40100090"]
[EventCountry "GER"]
[EventRounds "9"]
[EventType "swiss"]
[EventDate "2025.06.07"]

1. e4 {[%clk 01:30:58]} {[%emt 00:00:02]} e5 {[%clk 01:30:54]} {[%emt
00:00:07]} 2. Nf3 {[%clk 01:31:21]} {[%emt 00:00:07]} Nc6 {[%clk 01:31:17]}
{[%emt 00:00:07]} 3. Nc3 {[%clk 01:31:41]} {[%emt 00:00:09]} Nf6 {[%clk
01:31:37]} {[%emt 00:00:10]} 4. Bb5 {[%clk 01:31:52]} {[%emt 00:00:18]} Bd6
{[%clk 01:31:55]} {[%emt 00:00:12]} 5. d4 {[%clk 01:31:17]} {[%emt 00:01:05]}
exd4 {[%clk 01:28:56]} {[%emt 00:03:29]} 6. Nxd4 {[%clk 01:30:57]} {[%emt
00:00:50]} O-O {[%clk 01:26:37]} {[%emt 00:02:49]} 7. Bg5 {[%clk 01:29:03]}
{[%emt 00:02:23]} h6 {[%clk 01:23:50]} {[%emt 00:03:18]} 8. Bxf6 {[%clk
01:27:40]} {[%emt 00:01:52]} Qxf6 {[%emt 00:02:46]} 9. Bxc6 {[%clk 01:25:40]}
dxc6 {[%clk 01:24:16]} {[%emt 00:00:18]} 10. Qd3 {[%clk 01:22:48]} {[%emt
00:03:22]} Bc5 {[%clk 01:22:34]} {[%emt 00:02:13]} 11. O-O-O {[%clk 01:20:39]}
{[%emt 00:02:38]} Rd8 {[%clk 01:22:37]} {[%emt 00:00:28]} 12. e5 {[%clk
01:16:32]} {[%emt 00:04:37]} Qxe5 {[%clk 01:20:25]} {[%emt 00:02:43]} 13. Nf3
{[%clk 01:14:26]} {[%emt 00:02:34]} Qf4+ {[%clk 01:18:03]} {[%emt 00:02:53]}
14. Rd2 {[%clk 01:10:24]} {[%emt 00:04:30]} Rxd3 {[%clk 01:18:12]} {[%emt
00:00:23]} 15. cxd3 {[%clk 01:10:37]} {[%emt 00:00:17]} Bf5 {[%clk 01:16:12]}
{[%emt 00:02:29]} 16. Ne2 {[%clk 01:09:18]} {[%emt 00:01:47]} Qb4 {[%clk
01:12:35]} {[%emt 00:04:08]} 17. Nh4 {[%clk 01:04:34]} {[%emt 00:05:16]} Be6
{[%clk 01:09:38]} {[%emt 00:03:27]} 18. Nf3 {[%clk 01:03:37]} {[%emt 00:01:26]}
Bxf2 {[%clk 01:09:22]} {[%emt 00:00:47]} 19. Rc2 {[%clk 01:01:36]} {[%emt
00:02:29]} Bxa2 {[%emt 00:01:00]} 20. Nc3 {[%clk 01:00:46]} {[%emt 00:01:12]}
Be3+ {[%clk 01:08:26]} {[%emt 00:01:05]} 21. Nd2 {[%clk 01:00:34]} {[%emt
00:00:41]} Bb3 {[%clk 01:07:00]} {[%emt 00:01:57]} 22. Kd1 {[%clk 00:58:47]}
{[%emt 00:02:17]} Bxc2+ {[%emt 00:00:22]} 23. Ke2 {[%clk 00:58:50]} {[%emt
00:00:23]} Re8 {[%clk 01:06:02]} {[%emt 00:01:40]} 24. Nce4 {[%clk 00:58:02]}
{[%emt 00:01:16]} Bxd2 {[%clk 01:06:16]} {[%emt 00:00:18]} 25. Kf2 {[%clk
00:57:40]} {[%emt 00:00:50]} Bxd3 {[%clk 01:04:26]} {[%emt 00:02:21]} 26. Rd1
{[%clk 00:57:20]} {[%emt 00:00:47]} Bxe4 {[%clk 01:02:44]} {[%emt 00:02:16]}
27. h3 {[%clk 00:56:26]} {[%emt 00:01:24]} Bd3 {[%clk 00:56:52]} {[%emt
00:06:23]} 28. g4 {[%clk 00:55:20]} {[%emt 00:01:34]} Qf4+ {[%clk 00:55:27]}
{[%emt 00:01:55]} 29. Kg2 {[%clk 00:54:37]} {[%emt 00:01:08]} Re2+ {[%clk
00:55:16]} {[%emt 00:00:47]} 30. Kg1 {[%clk 00:54:27]} {[%emt 00:00:35]} Qh2+
{[%clk 00:55:17]} {[%emt 00:00:33]} 31. Kf1 {[%clk 00:54:42]} {[%emt 00:00:16]}
Qf2# {[%clk 00:55:32]} {[%emt 00:00:15]} 0-1

[Event "DEM U10w 2025"]
[Site "Willingen GER"]
[Date "2025.06.08"]
[Round "2"]
[White "Hellriegel, Emma"]
[Black "Reichel, Anneke"]
[Result "1/2-1/2"]
[Termination "normal"]
[Board "21"]
[WhiteElo "999"]
[BlackElo "890"]
[WhiteClock "00:47:17"]
[BlackClock "01:16:53"]
[PlyCount "76"]
[WhiteFideId "533043558"]
[BlackFideId "533043612"]
[EventCountry "GER"]
[EventRounds "9"]
[EventType "swiss"]
[EventDate "2025.06.07"]

1. e4 {[%clk 01:30:56]} {[%emt 00:00:03]} d5 {[%clk 01:30:57]} {[%emt
00:00:04]} 2. exd5 {[%clk 01:31:13]} {[%emt 00:00:13]} Nf6 {[%clk 01:31:19]}
{[%emt 00:00:05]} 3. Nc3 {[%clk 01:30:57]} {[%emt 00:00:48]} Nxd5 {[%clk
01:31:12]} {[%emt 00:00:38]} 4. Nxd5 {[%clk 01:30:34]} {[%emt 00:00:54]} Qxd5
{[%clk 01:31:32]} {[%emt 00:00:10]} 5. Nf3 {[%clk 01:29:43]} {[%emt 00:01:21]}
e5 {[%clk 01:31:37]} {[%emt 00:00:25]} 6. Be2 {[%clk 01:27:09]} {[%emt
00:03:03]} Nc6 {[%emt 00:00:07]} 7. O-O {[%emt 00:00:24]} Bc5 {[%clk 01:30:30]}
{[%emt 00:00:39]} 8. b3 {[%clk 01:24:50]} {[%emt 00:03:16]} O-O {[%clk
01:30:02]} {[%emt 00:00:57]} 9. Bb2 {[%clk 01:24:45]} {[%emt 00:00:36]} Re8
{[%clk 01:29:58]} {[%emt 00:00:32]} 10. Bc4 {[%clk 01:23:56]} {[%emt 00:01:20]}
Qd6 {[%clk 01:29:39]} {[%emt 00:00:16]} 11. Ng5 {[%clk 01:22:32]} {[%emt
00:02:27]} Be6 {[%clk 01:28:37]} {[%emt 00:00:26]} 12. Bxe6 {[%clk 01:18:23]}
{[%emt 00:05:44]} Rxe6 {[%clk 01:25:46]} {[%emt 00:03:22]} 13. Nxe6 {[%clk
01:18:10]} {[%emt 00:00:43]} Qxe6 {[%clk 01:25:01]} {[%emt 00:00:45]} 14. Re1
{[%clk 01:16:32]} {[%emt 00:02:38]} Re8 {[%clk 01:24:17]} {[%emt 00:01:14]} 15.
c3 {[%clk 01:15:23]} {[%emt 00:01:39]} f6 {[%clk 01:23:57]} {[%emt 00:00:50]}
16. d4 {[%clk 01:15:09]} {[%emt 00:00:45]} Bd6 {[%clk 01:24:06]} {[%emt
00:00:11]} 17. d5 {[%clk 01:14:29]} {[%emt 00:01:21]} Qf5 {[%clk 01:24:00]}
{[%emt 00:00:35]} 18. dxc6 {[%clk 01:14:20]} {[%emt 00:00:40]} bxc6 {[%clk
01:24:03]} {[%emt 00:00:27]} 19. Qb1 {[%clk 01:13:07]} {[%emt 00:01:44]} Qg5
{[%clk 01:23:35]} {[%emt 00:00:43]} 20. Qc1 {[%clk 01:09:59]} {[%emt 00:03:51]}
Qf5 {[%clk 01:23:33]} {[%emt 00:00:32]} 21. f4 {[%clk 01:09:36]} {[%emt
00:00:53]} e4 {[%clk 01:22:49]} {[%emt 00:00:32]} 22. Ba3 {[%clk 01:07:15]}
{[%emt 00:03:34]} Bxf4 {[%clk 01:22:51]} {[%emt 00:00:28]} 23. Rf1 {[%clk
01:06:20]} {[%emt 00:01:24]} e3 {[%clk 01:22:16]} {[%emt 00:01:04]} 24. g3
{[%clk 01:04:19]} {[%emt 00:02:33]} Qg5 {[%emt 00:00:24]} 25. Rxf4 {[%emt
00:01:12]} e2 {[%clk 01:19:47]} {[%emt 00:00:32]} 26. Qe1 {[%clk 01:02:45]}
{[%emt 00:02:55]} Qe5 {[%clk 01:19:21]} {[%emt 00:00:55]} 27. Rc1 {[%clk
01:01:13]} {[%emt 00:02:04]} Qe3+ {[%clk 01:18:41]} {[%emt 00:00:59]} 28. Kh1
{[%clk 01:00:31]} {[%emt 00:01:22]} Kf7 {[%clk 01:18:51]} {[%emt 00:00:20]} 29.
Rc2 {[%clk 00:59:32]} {[%emt 00:01:30]} g5 {[%clk 01:18:41]} {[%emt 00:00:31]}
30. Rd4 {[%clk 00:58:06]} {[%emt 00:02:04]} Kg6 {[%clk 01:18:45]} {[%emt
00:00:25]} 31. Rdd2 {[%clk 00:57:20]} {[%emt 00:01:17]} Qf3+ {[%clk 01:16:43]}
{[%emt 00:02:33]} 32. Kg1 {[%clk 00:55:24]} {[%emt 00:02:21]} Qe3+ {[%clk
01:16:30]} {[%emt 00:00:48]} 33. Kg2 {[%clk 00:54:34]} {[%emt 00:01:20]} Qe4+
{[%clk 01:16:45]} {[%emt 00:00:14]} 34. Kh3 {[%clk 00:53:45]} {[%emt 00:01:18]}
Qf5+ {[%clk 01:17:00]} {[%emt 00:00:17]} 35. Kg2 {[%clk 00:51:28]} {[%emt
00:02:46]} Qe4+ {[%clk 01:16:59]} {[%emt 00:00:31]} 36. Kf2 {[%clk 00:49:41]}
{[%emt 00:02:13]} Qe3+ {[%clk 01:17:20]} {[%emt 00:00:13]} 37. Kg2 {[%clk
00:47:45]} {[%emt 00:02:27]} Qe4+ {[%clk 01:17:20]} {[%emt 00:00:29]} 38. Kh3
{[%clk 00:47:17]} {[%emt 00:00:58]} Qf5+ {[%clk 01:16:53]} {[%emt 00:00:58]}
1/2-1/2